000
00225 a2200097 4500
001
14791
100
_a
Qureshi
245
_a
Hayat-i-Iqbal ki gumshudda kharian
260
_a
Lahore
_b
Bazmi Iqbal club
_c
090
_c
11570
_d
11570
942
_a
NUST-CAE
_c
M
_c
1748
999
_c
249864
_d
249864